| 000 | 00776nam a2200265Ia 4500 | ||
|---|---|---|---|
| 001 | Para_6855 | ||
| 003 | CHAP | ||
| 008 | 220125s1983 xx 000 0 und d | ||
| 010 | _a205633 | ||
| 040 | _cCHAP | ||
| 082 | _aPA 633.11 W58 | ||
| 100 |
_aWitcombe, J. R. _9122352 |
||
| 245 |
_aA guide to the species of aegilops L. Their taxonomy, morphology and distribution / _c by J. R. Witcombe |
||
| 260 |
_aRoma : _b International Board for plant Genetic Resourees |
||
| 300 | _a74 p. | ||
| 650 |
_aTrigo _9114954 |
||
| 650 |
_aTrigo _x fisiologĂa y morfologĂa _9115027 |
||
| 901 | _aPA 633.11 W58 | ||
| 902 | _aA | ||
| 905 | _a0000001983 a 0000000000 00 | ||
| 910 | _a1983 | ||
| 942 | _cPARA | ||
| 942 |
_cPARA _d1 |
||
| 999 |
_c205633 _d205633 |
||